HR tech strategy : (Record no. 57785)

MARC details
000 -LEADER
fixed length control field 00736nam a22002297a 4500
001 - CONTROL NUMBER
control field 57785
005 - DATE AND TIME OF LATEST TRANSACTION
control field 20260427150436.0
008 - FIXED-LENGTH DATA ELEMENTS--GENERAL INFORMATION
fixed length control field 260427s2024 nue |||||||| |||| 00| 0 eng d
020 ## - INTERNATIONAL STANDARD BOOK NUMBER
ISBN 9781637425671
040 ## - CATALOGING SOURCE
Original cataloging agency BD-DhIUB
Transcribing agency BD-DhIUB
Modifying agency BD-DhIUB
082 ## - DEWEY DECIMAL CLASSIFICATION NUMBER
Edition number 23
Classification number 658.300285
Item number K8368h
100 ## - MAIN ENTRY--PERSONAL NAME
Personal name Koning, Marlene de
9 (RLIN) 7167
245 ## - TITLE STATEMENT
Title HR tech strategy :
Remainder of title revolutionizing employee experience through HR- tech synergy/
Statement of responsibility, etc Marlene de Koning.
260 ## - PUBLICATION, DISTRIBUTION, ETC. (IMPRINT)
Place of publication, distribution, etc New York:
Name of publisher, distributor, etc Bussiness expert press, LLC
Date of publication, distribution, etc 2024
300 ## - PHYSICAL DESCRIPTION
Extent xix, 192p;.
Dimensions 24cm
526 ## - STUDY PROGRAM INFORMATION NOTE
School name School of Business and Entrepreneurship
Department HRM
Shelving Location Reference Stacks
541 ## - IMMEDIATE SOURCE OF ACQUISITION NOTE
Source of acquisition Risaam
650 #4 - SUBJECT ADDED ENTRY--TOPICAL TERM
Topical term or geographic name as entry element Information technology.
9 (RLIN) 670
650 #0 - SUBJECT ADDED ENTRY--TOPICAL TERM
Topical term or geographic name as entry element Employee engagement
9 (RLIN) 7168
650 #4 - SUBJECT ADDED ENTRY--TOPICAL TERM
Topical term or geographic name as entry element Strategic planning.
9 (RLIN) 485
942 ## - ADDED ENTRY ELEMENTS (KOHA)
Source of classification or shelving scheme Dewey Decimal Classification
Koha item type Books
Holdings
Withdrawn status Lost status Source of classification or shelving scheme Damaged status Not for loan Home library Current library Shelving location Date acquired Source of acquisition Cost, normal purchase price Serial Enumeration / chronology Total Checkouts Full call number Barcode Date last seen Copy number Cost, replacement price Price effective from Koha item type
    Dewey Decimal Classification   Not For Loan Library, Independent University, Bangladesh (IUB) Library, Independent University, Bangladesh (IUB) Reference Stacks 30/03/2026 Purchase 4950.00 2024   658.300285 K8368h 029605 27/04/2026 01 9900.00 30/03/2026 Books
    Dewey Decimal Classification   Not For Loan Library, Independent University, Bangladesh (IUB) Library, Independent University, Bangladesh (IUB) Reference Stacks 30/03/2026 Purchase 4950.00 2024   658.300285 K8368h 029606 27/04/2026 02 9900.00 30/03/2026 Books